[Event "Dortmunder SV 1 - SV Unna 1"]
[Site "Verbandsklasse, Gr. 1 2022/20"]
[Date "2023.04.30"]
[Round "8.4"]
[White "Wolff, Torsten"]
[Black "Humpert, Dominik"]
[Result "0-1"]
[WhiteElo "1864"]
[BlackElo "1837"]
[PlyCount "72"]
[EventDate "2023.??.??"]
[SourceDate "2022.10.02"]
[WhiteTeam "Dortmunder SV 1"]
[BlackTeam "SV Unna 1"]

1. d4 e6 2. c4 d5 3. Nc3 Nf6 4. Nf3 Be7 5. Bf4 c6 6. e3 Nbd7 7. Bd3 O-O 8. O-O
dxc4 9. Bxc4 Nb6 10. Bb3 Nbd5 11. Be5 Ng4 12. Bg3 Bd6 13. Bxd6 Qxd6 14. Ne4 Qe7
15. Qd3 a5 16. Rfc1 a4 17. Bd1 a3 18. b3 e5 19. h3 Nb4 20. Qb1 exd4 21. hxg4
dxe3 22. fxe3 Bxg4 23. Nf2 f5 24. Bc2 Qxe3 25. Re1 Qc3 26. Bd3 Rad8 27. Ne5 Rd5
28. Bc4 Nc2 29. Bxd5+ cxd5 30. Nexg4 fxg4 31. Qd1 Qc5 32. Re2 Nxa1 33. Qxa1 g3
34. Qe1 gxf2+ 35. Rxf2 Qxf2+ 36. Qxf2 Rxf2 0-1

[Event "Dortmunder SV 1 - SV Unna 1"]
[Site "Verbandsklasse, Gr. 1 2022/20"]
[Date "2023.04.30"]
[Round "8.5"]
[White "Franck, Axel"]
[Black "Meinschien, Finn"]
[Result "0-1"]
[WhiteElo "1710"]
[BlackElo "1829"]
[PlyCount "46"]
[EventDate "2023.??.??"]
[SourceDate "2022.10.02"]
[WhiteTeam "SV Unna 1"]
[BlackTeam "Dortmunder SV 1"]

1. b4 e5 2. Bb2 Bxb4 3. Bxe5 Nf6 4. c4 O-O 5. e3 d5 6. Nf3 c5 7. a3 Ba5 8. cxd5
Nxd5 9. Be2 Nc6 10. Bb2 a6 11. Qc2 Qe7 12. O-O Be6 13. Nc3 b5 14. Ne4 Bf5 15.
Nf6+ Qxf6 16. Bxf6 Bxc2 17. Bb2 Bg6 18. a4 c4 19. Rfc1 Rfc8 20. axb5 axb5 21.
Nd4 Nxd4 22. Bxd4 Bxd2 23. Rxa8 Rxa8 0-1

[Event "Dortmunder SV 1 - SV Unna 1"]
[Site "Verbandsklasse, Gr. 1 2022/20"]
[Date "2023.04.30"]
[Round "8.6"]
[White "Köhler, Eckart"]
[Black "Hendler, Markus"]
[Result "1/2-1/2"]
[WhiteElo "1867"]
[BlackElo "1764"]
[PlyCount "68"]
[EventDate "2023.??.??"]
[SourceDate "2022.10.02"]
[WhiteTeam "Dortmunder SV 1"]
[BlackTeam "SV Unna 1"]

1. c4 Nf6 2. g3 g6 3. Bg2 Bg7 4. Nc3 O-O 5. e4 d6 6. Nge2 c5 7. d3 Nc6 8. O-O
Ne8 9. Rb1 Nc7 10. a3 Ne6 11. Nd5 Ned4 12. Nec3 e6 13. Ne3 a6 14. Nc2 Rb8 15.
Nxd4 Nxd4 16. Be3 Bd7 17. Ne2 Nxe2+ 18. Qxe2 Bd4 19. Bxd4 cxd4 20. e5 Bc6 21.
Bxc6 bxc6 22. Qe4 c5 23. Qc6 Rb6 24. Qe4 Qd7 25. b4 Rfb8 26. exd6 Qxd6 27. bxc5
Qxc5 28. Rxb6 Rxb6 29. h4 {(=)} h5 30. Rd1 a5 31. a4 Rb2 32. Qa8+ Kg7 33. Qe4
Rb4 34. Ra1 Kg8 {(=)} 1/2-1/2

[Event "Dortmunder SV 1 - SV Unna 1"]
[Site "Verbandsklasse, Gr. 1 2022/20"]
[Date "2023.04.30"]
[Round "8.7"]
[White "Eichhorn, Robin"]
[Black "Wilms, Christoph"]
[Result "1-0"]
[WhiteElo "1767"]
[BlackElo "1788"]
[PlyCount "73"]
[EventDate "2023.??.??"]
[SourceDate "2022.10.02"]
[WhiteTeam "SV Unna 1"]
[BlackTeam "Dortmunder SV 1"]

1. e4 c5 2. Nf3 d6 3. d4 cxd4 4. Nxd4 Nf6 5. Nc3 g6 6. Be2 Bg7 7. Be3 O-O 8.
Qd2 Nc6 9. h4 h5 10. O-O-O d5 11. exd5 Nxd5 12. Nxc6 bxc6 13. Nxd5 cxd5 14.
Qxd5 Qc7 15. Qxa8 Bf5 16. Qxf8+ Kxf8 17. Rd2 Kg8 18. Bf3 Qe5 19. Bd4 Qa5 20. a3
e5 21. Bc3 Qa4 22. Rd8+ Kh7 23. Bd1 Qf4+ 24. Rd2 Bh6 25. Kb1 Qc4 26. Be2 Qe4
27. Bf3 Qa4 28. b3 Qxa3 29. Re2 Qxb3+ 30. Bb2 Bg7 31. Be4 Qb5 32. Rhe1 Be6 33.
Bd3 Qb4 34. Re4 Qb6 35. Rxe5 Bxe5 36. Rxe5 Qxf2 37. Rxh5+ 1-0

[Event "Dortmunder SV 1 - SV Unna 1"]
[Site "Verbandsklasse, Gr. 1 2022/20"]
[Date "2023.04.30"]
[Round "8.8"]
[White "Lanwehr, Klaus"]
[Black "Bochynek, Josua Peter"]
[Result "0-1"]
[WhiteElo "1748"]
[BlackElo "1775"]
[PlyCount "76"]
[EventDate "2023.??.??"]
[SourceDate "2022.10.02"]
[WhiteTeam "Dortmunder SV 1"]
[BlackTeam "SV Unna 1"]

1. d4 Nf6 2. c4 g6 3. g3 Bg7 4. Bg2 d6 5. Nf3 O-O 6. O-O c5 7. Nc3 Nbd7 8. b3
cxd4 9. Nxd4 Nc5 10. Bb2 Rb8 11. Re1 a6 12. e4 Bg4 13. Qd2 Qb6 14. Nc2 h5 15.
Ne3 Bh6 16. h3 Be6 17. Kh2 h4 18. Ncd5 Bxd5 19. Bxf6 exf6 20. Qxd5 hxg3+ 21.
fxg3 Bxe3 22. Rxe3 Rfe8 23. g4 Re5 24. Qd4 Qc7 25. Rd1 {(=)} d5 26. Kg1 dxe4
27. Qd6 Qxd6 28. Rxd6 f5 29. gxf5 gxf5 30. Rg3+ Kf8 31. Kf2 Nd3+ 32. Rdxd3 exd3
33. Rxd3 b5 34. cxb5 axb5 35. a4 bxa4 36. bxa4 Rb2+ 37. Kf1 Ree2 38. Bc6 Rec2
0-1

[Event "Dortmunder SV 1 - SV Unna 1"]
[Site "Verbandsklasse, Gr. 1 2022/20"]
[Date "2023.04.30"]
[Round "8.3"]
[White "Krämer, Sascha"]
[Black "Brockmann, Fabian"]
[Result "1/2-1/2"]
[WhiteElo "1910"]
[BlackElo "1929"]
[PlyCount "47"]
[EventDate "2023.??.??"]
[SourceDate "2022.10.02"]
[WhiteTeam "SV Unna 1"]
[BlackTeam "Dortmunder SV 1"]

1. e4 c5 2. Nf3 Nc6 3. d4 cxd4 4. Nxd4 Nf6 5. Nc3 g6 6. Bc4 Qa5 7. Nb3 Qb4 8.
Bd3 Ne5 9. Be3 Qd6 10. f4 Nxd3+ 11. cxd3 Nh5 12. e5 Qc6 13. Qd2 d5 14. Rc1 Qd7
15. Nc5 Qd8 16. Nb5 Bh6 17. Nb3 O-O 18. O-O b6 19. N3d4 Ng7 20. Rc7 Bd7 21.
Rxa7 Rxa7 22. Nxa7 Qa8 23. Nab5 Qxa2 24. Qb4 {(=)} 1/2-1/2

[Event "Mengede- Drewer"]
[Site "?"]
[Date "2023.04.30"]
[Round "8.1"]
[White "Mittmann, Volker"]
[Black "Borgschulze, Maik"]
[Result "1/2-1/2"]
[WhiteElo "1853"]
[BlackElo "2120"]
[Annotator "daniel"]
[PlyCount "96"]
[SourceDate "2022.10.02"]

1. d4 Nf6 2. Nc3 d5 3. Bg5 Nbd7 4. Nf3 c6 5. e3 Qa5 6. Nd2 e6 7. a3 Be7 8. Be2
O-O 9. O-O Qd8 10. Bf4 a6 11. b4 a5 12. b5 c5 13. Na4 cxd4 14. exd4 Nb6 15. Nc5
a4 16. c4 dxc4 17. Nxc4 Nfd5 18. Be3 Nc3 19. Qc2 Nxe2+ 20. Qxe2 Nd5 21. Qc2 Nb6
22. Rab1 $11 Nxc4 23. Qxc4 b6 24. Nxa4 Bb7 25. Nc3 Rxa3 26. Ra1 Ra8 27. Rfd1
Rc8 28. Qb3 Bf6 29. Rac1 Qd6 30. f3 Rfd8 31. Rc2 Qe7 32. Ne4 Bd5 33. Nxf6+ Qxf6
34. Qb2 Qg6 35. Rxc8 Rxc8 36. Qe2 h6 37. Kf2 Rc2 38. Rd2 Bc4 39. Qd1 Rc3 40.
Bf4 Qf5 41. Qa1 Rb3 42. Qa8+ Kh7 43. Qe4 Bd5 44. Qxf5+ exf5 45. Bc7 Rxb5 46.
Re2 f6 47. Re7 Rb2+ 48. Kg3 Rb4 1/2-1/2

[Event "Mengede- Drewer"]
[Site "?"]
[Date "2023.04.30"]
[Round "8.2"]
[White "Delvos, Thorsten"]
[Black "Schaefer, Martin"]
[Result "1/2-1/2"]
[WhiteElo "2000"]
[BlackElo "1801"]
[PlyCount "97"]
[SourceDate "2022.10.02"]

1. c4 c5 2. g3 Nc6 3. Bg2 d6 4. Nc3 Nf6 5. e4 Bd7 6. Nge2 Rb8 7. O-O Qc8 8. Nd5
h5 9. h4 Bh3 10. d3 Bxg2 11. Kxg2 Ng4 12. b3 e6 13. Ne3 Nce5 14. f3 Nxe3+ 15.
Bxe3 Be7 16. d4 Ng6 17. f4 Qc6 18. d5 Qd7 19. Nc3 Bf6 20. dxe6 fxe6 21. Rc1 a6
22. Qd3 Qc6 23. Kh2 Kf7 24. Rce1 Rbd8 25. f5 exf5 26. Rxf5 Ne5 27. Qd5+ Qxd5
28. Nxd5 Ng4+ 29. Kg2 Nxe3+ 30. Rxe3 Rde8 31. Ref3 Rh6 32. R3f4 Re6 33. Kf3 Kg6
34. Nxf6 gxf6 35. g4 hxg4+ 36. Rxg4+ Kf7 37. Kf4 b5 38. h5 Re5 39. Rh4 Re8 40.
Rh3 Rg8 41. Rd3 Ke7 42. Rg3 Rxg3 43. Kxg3 Kf7 44. Kg4 Rh8 45. Rd5 Ke6 46. Kf4
bxc4 47. bxc4 a5 48. Rf5 Kf7 49. Rd5 1/2-1/2

[Event "Mengede- Drewer"]
[Site "?"]
[Date "2023.04.30"]
[Round "8.3"]
[White "Riegermann, Ulrich"]
[Black "Weinert, Christian"]
[Result "1/2-1/2"]
[WhiteElo "1788"]
[BlackElo "1943"]
[PlyCount "79"]
[SourceDate "2022.10.02"]

1. e4 c5 2. Nf3 g6 3. d3 Bg7 4. Nbd2 d5 5. c3 e6 6. Be2 Ne7 7. Qc2 Nbc6 8. Rb1
a5 9. b3 O-O 10. h4 h5 11. Ng5 f6 12. Nh3 e5 13. a3 Be6 14. Nf1 Qd7 15. Ng3
Rab8 16. Ng1 f5 17. Bg5 f4 18. Nf1 b5 19. Nf3 c4 20. exd5 cxb3 21. Rxb3 Bxd5
22. c4 Bxf3 23. Bxf3 Nd4 24. Qb1 Nxb3 25. Qxb3 bxc4 26. Qxc4+ Kh8 27. Nd2 Rfc8
28. Qe4 Rc1+ 29. Bd1 Nf5 30. O-O Qd4 31. Nb3 Qxe4 32. dxe4 Rxd1 33. Rxd1 Rxb3
34. exf5 gxf5 35. Rd8+ Kh7 36. Rd7 Kg6 37. Rd6+ Kf7 38. Rd7+ Kg6 39. Rd6+ Kf7
40. Rd7+ 1/2-1/2

[Event "Mengede- Drewer"]
[Site "?"]
[Date "2023.04.30"]
[Round "8.4"]
[White "Bork, Sophie"]
[Black "Kraft, Marius"]
[Result "1/2-1/2"]
[WhiteElo "1815"]
[BlackElo "1604"]
[PlyCount "74"]
[SourceDate "2022.10.02"]

1. e4 e5 2. Nf3 Nc6 3. Bc4 Nf6 4. d3 Bc5 5. a4 a5 6. O-O O-O 7. Bg5 d6 8. c3
Be6 9. Nbd2 Ne7 10. Bxf6 gxf6 11. Bxe6 fxe6 12. Nh4 f5 13. Qb3 Qc8 14. exf5
Nxf5 15. Nxf5 Rxf5 16. Ne4 Bb6 17. Rad1 Qd7 18. d4 exd4 19. cxd4 Raf8 20. Rd3
Kh8 21. Qc3 Qg7 22. Ng3 Rd5 23. Ne2 Qg4 24. f3 Qg7 25. Kh1 Rg8 26. g3 h5 27.
Qd2 h4 28. g4 Qf6 29. Rd1 h3 30. Qf4 Qg7 31. Qg3 Qh7 32. Nf4 Rxd4 33. Rxd4 Bxd4
34. Rxd4 e5 35. Rd1 exf4 36. Qxf4 Qg7 37. Qg3 Qh6 1/2-1/2

[Event "Mengede- Drewer"]
[Site "?"]
[Date "2023.04.30"]
[Round "8.5"]
[White "Mittmann, Sebastian"]
[Black "Kraus, Reinhard"]
[Result "1/2-1/2"]
[WhiteElo "1623"]
[BlackElo "1776"]
[PlyCount "35"]
[SourceDate "2022.10.02"]

1. d4 Nf6 2. e3 c5 3. Nf3 e6 4. Be2 b6 5. O-O Bb7 6. b3 cxd4 7. exd4 Nc6 8. Bb2
d5 9. Nbd2 Bd6 10. Ne5 O-O 11. f4 Rc8 12. c4 Qe7 13. Rc1 Bb4 14. Bd3 Bxd2 15.
Qxd2 Ne4 16. Qe2 f5 17. Rf3 Nxe5 18. dxe5 1/2-1/2

[Event "Mengede- Drewer"]
[Site "?"]
[Date "2023.04.30"]
[Round "8.6"]
[White "Echargui, Amin"]
[Black "Hess, Marcel"]
[Result "1-0"]
[WhiteElo "1776"]
[BlackElo "1591"]
[PlyCount "53"]
[SourceDate "2022.10.02"]

1. e4 e5 2. Nf3 Nc6 3. Bb5 d6 4. c3 a6 5. Ba4 b5 6. Bb3 Nf6 7. O-O Be7 8. Re1
O-O 9. d3 Bg4 10. Nbd2 a5 11. a4 b4 12. Nf1 Rb8 13. Bc2 Nd7 14. Ng3 f5 15. exf5
Bxf5 16. Nxf5 Rxf5 17. d4 Rf8 18. Qd3 Nf6 19. Ng5 b3 20. Bb1 Qe8 21. Nxh7 Qh5
22. Nxf6+ Rxf6 23. Qc4+ Kh8 24. Qxc6 Rbf8 25. Be3 Qh4 26. g3 Qg4 27. Qe4 1-0

[Event "Mengede- Drewer"]
[Site "?"]
[Date "2023.04.30"]
[Round "8.7"]
[White "Herche, Niklas"]
[Black "Ropel, Dennis"]
[Result "0-1"]
[WhiteElo "1582"]
[BlackElo "1743"]
[PlyCount "144"]
[SourceDate "2022.10.02"]

1. d4 Nf6 2. Nf3 g6 3. e3 Bg7 4. Nbd2 d5 5. Bd3 O-O 6. c3 c5 7. O-O Nc6 8. b3
a6 9. Bb2 cxd4 10. cxd4 Nb4 11. Bb1 Bd7 12. Re1 Rc8 13. a3 Nc6 14. Bd3 Bf5 15.
Nf1 Bxd3 16. Qxd3 Ne4 17. Ne5 Nxe5 18. dxe5 Nc5 19. Qd1 e6 20. f4 b5 21. Bd4 f6
22. Rc1 Ne4 23. Qg4 f5 24. Qe2 Rf7 25. Qb2 Bf8 26. b4 Rc4 27. Rxc4 bxc4 28. Nd2
Nxd2 29. Qxd2 Rb7 30. Bc3 Qd7 31. Qc2 Be7 32. g3 Bd8 33. Rd1 Bb6 34. Kf2 Qb5
35. Ke2 Qc6 36. Kf2 Bd8 37. Rb1 g5 38. Rg1 g4 39. Qd1 a5 40. Qd2 Be7 41. Rb1 h5
42. Kg1 h4 43. Rb2 axb4 44. axb4 h3 45. Rb1 Kf7 46. Rb2 Ra7 47. Ra2 Qa8 48. Ra5
Bd8 49. Rxa7+ Qxa7 50. Kf2 Bb6 51. Ke2 Ke7 52. b5 Kd7 53. Bd4 Bxd4 54. exd4 Qa3
55. Ke1 Kc7 56. Kd1 Kb6 57. Ke1 Qa5 58. Qxa5+ Kxa5 59. b6 Kxb6 60. Kd2 Kb5 61.
Kc3 Ka4 62. Kc2 Kb4 63. Kb2 c3+ 64. Kc2 Kc4 65. Kd1 Kd3 66. Kc1 c2 67. Kb2 Kd2
68. Kb3 c1=Q 69. Ka2 Qc4+ 70. Ka3 Qb5 71. Ka2 Kc2 72. Ka3 Qa5# 0-1

[Event "Oberhausen- Welper 2"]
[Site "?"]
[Date "2023.04.30"]
[Round "8.1"]
[White "Marx, Patrick"]
[Black "Puetter, Pascal"]
[Result "1/2-1/2"]
[WhiteElo "1963"]
[BlackElo "2002"]
[PlyCount "30"]
[SourceDate "2022.10.02"]

1. d4 d5 2. Nf3 Nf6 3. Bf4 c5 4. e3 Nc6 5. c3 Qb6 6. Qc1 Bf5 7. Nbd2 e6 8. Be2
h6 9. h3 cxd4 10. exd4 Rc8 11. O-O Be7 12. a3 a5 13. Ra2 O-O 14. Qd1 Rfd8 15.
Re1 Bd6 1/2-1/2

[Event "Oberhausen- Welper 2"]
[Site "?"]
[Date "2023.04.30"]
[Round "8.3"]
[White "Teich, Udo"]
[Black "Kyas, Jens"]
[Result "0-1"]
[WhiteElo "1996"]
[BlackElo "1629"]
[PlyCount "68"]
[SourceDate "2022.10.02"]

1. Nf3 f5 2. c4 Nf6 3. Nc3 e6 4. d3 d5 5. cxd5 exd5 6. Bg5 Be7 7. e3 c6 8. Be2
O-O 9. h3 Nbd7 10. Qc2 h6 11. Bf4 Nc5 12. Nd4 Ne6 13. Nxf5 Nxf4 14. Nxe7+ Qxe7
15. exf4 d4 16. Ne4 Nxe4 17. dxe4 Rxf4 18. Bd3 Qb4+ 19. Ke2 Be6 20. g3 Rff8 21.
f4 Rae8 22. Kf3 Qd6 23. b3 g5 24. Qd2 gxf4 25. g4 Re7 26. Raf1 Rg7 27. Rhg1 c5
28. Rg2 a6 29. Ke2 h5 30. Rgf2 hxg4 31. Rxf4 Rxf4 32. Rxf4 gxh3 33. Kf3 Qe5 34.
Qe1 Qg5 0-1

[Event "Oberhausen- Welper 2"]
[Site "?"]
[Date "2023.04.30"]
[Round "8.4"]
[White "Heintze, Sven"]
[Black "Leimkuehler, Dirk"]
[Result "1-0"]
[WhiteElo "1779"]
[BlackElo "1842"]
[PlyCount "69"]
[SourceDate "2022.10.02"]

1. d4 f5 2. e4 d6 3. exf5 Bxf5 4. Bd3 Bxd3 5. Qxd3 c6 6. Nf3 Nf6 7. O-O Na6 8.
c3 g6 9. Re1 Qd7 10. Bg5 Bg7 11. Nbd2 O-O 12. Re2 Rae8 13. Rae1 Nc7 14. h4 Rf7
15. Ne4 Nfd5 16. Qd2 Ref8 17. Ng3 Bf6 18. c4 Nb6 19. b3 d5 20. c5 Nc8 21. Bh6
Re8 22. Ng5 Bxg5 23. Qxg5 e6 24. h5 Ne7 25. hxg6 Nxg6 26. Nh5 Qe7 27. Qxe7 Nxe7
28. Bf4 Nb5 29. Rxe6 Nxd4 30. Nf6+ Kf8 31. Bh6+ Rg7 32. Nxe8 Nxe6 33. Rxe6 Kxe8
34. Bxg7 Kf7 35. Rxe7+ 1-0

[Event "Oberhausen- Welper 2"]
[Site "?"]
[Date "2023.04.30"]
[Round "8.5"]
[White "Sharma, Rakesh"]
[Black "Kuckelkorn, Joerg"]
[Result "1/2-1/2"]
[WhiteElo "1843"]
[BlackElo "1820"]
[PlyCount "50"]
[SourceDate "2022.10.02"]

1. d4 f5 2. Bg5 Nf6 3. Bxf6 exf6 4. e3 d5 5. c4 Be6 6. Nc3 c6 7. Qb3 Qb6 8.
Qxb6 axb6 9. cxd5 cxd5 10. Nge2 Bf7 11. a3 Nc6 12. g3 Bd6 13. Bg2 Ne7 14. Rc1
Rc8 15. Kd2 Kd7 16. Rc2 Rc6 17. Rhc1 Rhc8 18. Nf4 Bxf4 19. gxf4 g5 20. fxg5
fxg5 21. Nb5 Be6 22. Nc3 R6c7 23. Nb5 Rc6 24. Nc3 R6c7 25. Nb5 Rc6 1/2-1/2

[Event "Oberhausen- Welper 2"]
[Site "?"]
[Date "2023.04.30"]
[Round "8.7"]
[White "Nuernberger, David"]
[Black "Barutta, Larissa"]
[Result "0-1"]
[WhiteElo "1490"]
[BlackElo "1595"]
[PlyCount "88"]
[SourceDate "2022.10.02"]

1. e4 e6 2. d4 d5 3. Nd2 c5 4. exd5 exd5 5. Ngf3 Nf6 6. Bb5+ Bd7 7. Bxd7+ Nbxd7
8. O-O Be7 9. dxc5 Nxc5 10. Nb3 O-O 11. Nbd4 Re8 12. c3 Qb6 13. Qc2 Rad8 14.
Nf5 Bf8 15. Be3 Qc7 16. Bd4 Nfe4 17. Rad1 Ne6 18. Ne3 Qc6 19. Qb3 b6 20. Be5
N6c5 21. Qc2 Rd7 22. b4 Ne6 23. Rd3 f6 24. Nd4 Qb7 25. Nxe6 fxe5 26. Nxf8 Rxf8
27. Qb3 Nf6 28. f4 e4 29. Rd4 Rfd8 30. Rfd1 h6 31. f5 Kh7 32. g4 b5 33. h4 Qc7
34. Ng2 Nxg4 35. R1d2 Qh2+ 36. Kf1 Qh1+ 37. Ke2 Qxg2+ 38. Kd1 Qf1+ 39. Kc2 Ne3+
40. Kb2 Nc4+ 41. Rxc4 dxc4 42. Rxd7 Rxd7 43. Qc2 Qd3 44. Qg2 Qd2+ 0-1

[Event "Kray- Günnigfeld"]
[Site "?"]
[Date "2023.04.30"]
[Round "8.1"]
[White "Freisen, Thomas"]
[Black "Happe, Ulrich"]
[Result "1-0"]
[WhiteElo "1942"]
[BlackElo "2117"]
[PlyCount "91"]
[SourceDate "2022.10.02"]

1. e4 c5 2. Nf3 e6 3. Nc3 Nc6 4. d4 cxd4 5. Nxd4 Nf6 6. Nxc6 bxc6 7. e5 Nd5 8.
Ne4 Qc7 9. f4 Qb6 10. c4 Ne3 11. Qd3 Nxf1 12. Rxf1 Bb4+ 13. Bd2 Bxd2+ 14. Qxd2
O-O 15. c5 Qd8 16. Rc1 f6 17. exf6 gxf6 18. Rc3 Ba6 19. Rff3 Qe7 20. Rg3+ Kh8
21. Nd6 Bb5 22. Rce3 a5 23. Qd4 Rad8 24. Qe4 f5 25. Qe5+ Qf6 26. Qxf6+ Rxf6 27.
Ra3 Ra8 28. Rgb3 a4 29. Nxb5 cxb5 30. Rxb5 Rff8 31. Kd2 Rfc8 32. Kd3 Kg7 33.
Kd4 Rcb8 34. Rxb8 Rxb8 35. Kc3 Rb5 36. Rxa4 Rxc5+ 37. Rc4 Ra5 38. a4 Kf6 39.
Kb4 Ra8 40. a5 Ke7 41. Ka4 d5 42. Rc2 Kd6 43. b4 d4 44. b5 Kd5 45. b6 d3 46.
Rd2 1-0

[Event "Kray- Günnigfeld"]
[Site "?"]
[Date "2023.04.30"]
[Round "8.2"]
[White "Landau, Christian"]
[Black "Jaennekes, Oliver"]
[Result "1/2-1/2"]
[WhiteElo "2119"]
[BlackElo "1923"]
[PlyCount "74"]
[SourceDate "2022.10.02"]

1. e4 c5 2. Nf3 d6 3. g3 Nf6 4. Nc3 Bg4 5. Bg2 Nc6 6. h3 Bxf3 7. Qxf3 e6 8. O-O
Be7 9. Qd1 O-O 10. Ne2 Qb6 11. c3 d5 12. exd5 Nxd5 13. Qa4 Rfd8 14. Rd1 Bf6 15.
d3 Rac8 16. Qc2 Rd7 17. Nf4 Nxf4 18. Bxf4 Qa6 19. Bf1 Qa5 20. Be3 Ne7 21. f4 e5
22. g4 exf4 23. Bxf4 Ng6 24. Be3 Qc7 25. Qf2 Be5 26. Bg2 Bg3 27. Qf1 Re8 28.
Be4 Bf4 29. Qf2 Bxe3 30. Qxe3 Rde7 31. Rf1 c4 32. Rae1 cxd3 33. Qxd3 Qb6+ 34.
Kh1 Ne5 35. Qc2 g6 36. b3 Nd7 37. Qd2 Nc5 1/2-1/2

[Event "Kray- Günnigfeld"]
[Site "?"]
[Date "2023.04.30"]
[Round "8.4"]
[White "Laarmann, Gerd"]
[Black "Radi, Guenter"]
[Result "0-1"]
[WhiteElo "1833"]
[BlackElo "1901"]
[PlyCount "106"]
[SourceDate "2022.10.02"]

1. Nf3 Nf6 2. g3 g6 3. Bg2 Bg7 4. c4 c5 5. Nc3 O-O 6. O-O e6 7. d4 d6 8. h3 Nc6
9. Be3 Qe7 10. Qd2 Rd8 11. Rad1 a6 12. Qc1 cxd4 13. Nxd4 Nxd4 14. Rxd4 Nd7 15.
Rdd1 f5 16. Bg5 Bf6 17. Bxf6 Nxf6 18. e4 Rb8 19. Rfe1 e5 20. exf5 Bxf5 21. Qe3
Qc7 22. Nd5 Nxd5 23. Bxd5+ Kg7 24. g4 Bd7 25. f4 Re8 26. Qc3 Bc6 27. fxe5 Rxe5
28. Rxe5 dxe5 29. Qe3 Re8 30. b3 Re7 31. Kg2 Bxd5+ 32. cxd5 Qd6 33. Qe4 Rd7 34.
Rd2 Rd8 35. a4 a5 36. Qc4 b6 37. Rd3 Rd7 38. Qe4 Rd8 39. Kf2 Rf8+ 40. Rf3 Rxf3+
41. Kxf3 Kf6 42. Qc4 Ke7 43. g5 Qd7 44. Kg3 Qd6 45. Kg2 Kd8 46. Qb5 Ke7 47. Kf3
Qb8 48. Qd3 Qf8+ 49. Kg3 Qf4+ 50. Kg2 Qxg5+ 51. Kh1 Qc1+ 52. Kg2 Kd6 53. Qb5
Qc5 0-1

[Event "Kray- Günnigfeld"]
[Site "?"]
[Date "2023.04.30"]
[Round "8.5"]
[White "Bender, Markus"]
[Black "Greger, Helmut"]
[Result "0-1"]
[WhiteElo "1849"]
[BlackElo "1807"]
[PlyCount "66"]
[SourceDate "2022.10.02"]

1. d4 Nf6 2. Bf4 g6 3. Nc3 Bg7 4. Qd2 O-O 5. Bh6 d6 6. h4 e5 7. d5 c6 8. h5
Nxh5 9. Bxg7 Kxg7 10. f3 f5 11. e4 f4 12. Nge2 Qf6 13. O-O-O c5 14. Nb5 Rf7 15.
Kb1 b6 16. g4 fxg3 17. Nxg3 Nxg3 18. Qh6+ Kg8 19. Bh3 Bxh3 20. Rxh3 Ne2 21. Re1
Nf4 22. Rg3 a6 23. Nc3 Nd7 24. Nd1 Nf8 25. Ne3 Kh8 26. Ng4 Qg7 27. Qg5 Nh5 28.
Rh3 Nd7 29. Nh6 Rf4 30. Rg1 Ndf6 31. c3 Rf8 32. a3 Qd7 33. Ka1 Qxh3 0-1

[Event "Kray- Günnigfeld"]
[Site "?"]
[Date "2023.04.30"]
[Round "8.6"]
[White "Ophoven, Hermann"]
[Black "Kampmann, Marcel"]
[Result "1/2-1/2"]
[WhiteElo "1710"]
[BlackElo "1566"]
[PlyCount "34"]
[SourceDate "2022.10.02"]

1. c4 Nf6 2. Nc3 e6 3. g3 Bb4 4. Bg2 O-O 5. Nf3 Nc6 6. O-O Bxc3 7. bxc3 d5 8.
cxd5 exd5 9. d3 b6 10. Bg5 h6 11. Bxf6 Qxf6 12. Qc2 Bb7 13. Rac1 Na5 14. Rfe1
Rac8 15. Nd2 d4 16. Ne4 Bxe4 17. Bxe4 dxc3 1/2-1/2

[Event "Sodingen 2- Altenessen"]
[Site "?"]
[Date "2023.04.30"]
[Round "8.1"]
[White "Praß, Marian"]
[Black "Zwielich, Frank"]
[Result "1/2-1/2"]
[WhiteElo "1928"]
[BlackElo "2064"]
[Annotator "daniel"]
[PlyCount "68"]
[SourceDate "2022.10.02"]

1. Nf3 c5 2. c4 g6 3. Nc3 Bg7 4. g3 Nc6 5. Bg2 e5 6. d3 d6 7. Rb1 Nge7 $11 8.
a3 a5 9. O-O O-O 10. Ne1 Be6 11. Nc2 d5 12. cxd5 Nxd5 13. Ne4 Qe7 14. Ng5 Rfd8
15. Nxe6 Qxe6 16. Bd2 b5 17. e3 Ra7 18. Qe2 b4 19. Rfc1 Bf8 20. Ne1 Rc7 21. h4
f5 22. Nf3 h6 23. Rd1 Nf6 24. Be1 Rcd7 25. Qc2 b3 26. Qe2 a4 27. Bf1 Kh7 28.
Rbc1 Be7 29. Rd2 e4 30. dxe4 Nxe4 31. Rxd7 Rxd7 32. Rc4 Ra7 33. Nd2 Ne5 34. Rc1
Rd7 1/2-1/2

[Event "Sodingen 2- Altenessen"]
[Site "?"]
[Date "2023.04.30"]
[Round "8.2"]
[White "Reinholz, Benjamin"]
[Black "Rohloff, Markus"]
[Result "1/2-1/2"]
[WhiteElo "1938"]
[BlackElo "1880"]
[PlyCount "48"]
[SourceDate "2022.10.02"]

1. e4 e6 2. d4 d5 3. exd5 exd5 4. c4 Nf6 5. Nc3 Nc6 6. Be3 Bb4 7. Bd3 O-O 8.
Nge2 dxc4 9. Bxc4 Nd5 10. O-O Nxe3 11. fxe3 Qg5 12. Rxf7 Rxf7 13. Bxf7+ Kxf7
14. Qb3+ Be6 15. d5 Qxe3+ 16. Kh1 Bxc3 17. Nxc3 Re8 18. Rf1+ Kg8 19. dxe6 Qxe6
20. Qxb7 Qc4 21. Rd1 Rf8 22. h3 Rf1+ 23. Rxf1 Qxf1+ 24. Kh2 Qf4+ 1/2-1/2

[Event "Sodingen 2- Altenessen"]
[Site "?"]
[Date "2023.04.30"]
[Round "8.3"]
[White "Kordonowski, Frank"]
[Black "Haberhausen, Ansgar"]
[Result "0-1"]
[WhiteElo "2034"]
[BlackElo "2136"]
[PlyCount "62"]
[SourceDate "2022.10.02"]

1. Nf3 d5 2. d4 Nf6 3. e3 Bf5 4. Be2 e6 5. Nbd2 Nbd7 6. O-O Bd6 7. c3 h6 8. Nb3
O-O 9. Bd3 Bg4 10. h3 Bh5 11. g4 Bg6 12. Bxg6 fxg6 13. Nbd2 Ne4 14. Nxe4 dxe4
15. Nd2 Qh4 16. Kg2 Nf6 17. Qb3 Rae8 18. Qxb7 Nxg4 19. Nxe4 Nxf2 20. Rxf2 Rxf2+
21. Nxf2 Rf8 22. Qf3 Rxf3 23. Kxf3 Qg3+ 24. Ke2 Qg1 25. Nd1 Qg2+ 26. Kd3 Qf1+
27. Kc2 Qxh3 28. Bd2 Qf5+ 29. Kc1 g5 30. c4 g4 31. c5 Bh2 0-1

[Event "Sodingen 2- Altenessen"]
[Site "?"]
[Date "2023.04.30"]
[Round "8.4"]
[White "Schriewer, Thomas"]
[Black "Cavasin, Joerg"]
[Result "1/2-1/2"]
[WhiteElo "1957"]
[BlackElo "1885"]
[PlyCount "81"]
[SourceDate "2022.10.02"]

1. d4 d6 2. Nf3 g6 3. c4 Nf6 4. Nc3 Bg7 5. e4 O-O 6. Be2 e5 7. O-O Nbd7 8. Qc2
Nh5 9. Bg5 f6 10. Be3 c6 11. Rfd1 Nf4 12. Bf1 Qe8 13. d5 c5 14. Nb5 Qe7 15. g3
Nh5 16. Nc7 Rb8 17. Ne6 Rf7 18. Ne1 Nf8 19. Nxg7 Rxg7 20. b4 b6 21. bxc5 bxc5
22. Rab1 Rxb1 23. Rxb1 f5 24. Bh6 Rf7 25. Bh3 Qc7 26. exf5 gxf5 27. Qe2 Nf6 28.
Nf3 Ne4 29. Rb3 Rf6 30. Bxf8 Rxf8 31. Qb2 Ba6 32. Bf1 h6 33. Ra3 Bc8 34. Qc1
Kh7 35. Bg2 Rg8 36. Nd2 Ng5 37. Nf3 Nf7 38. Qc2 Ng5 39. Qa4 Rg7 40. Nxg5+ hxg5
41. Qc2 1/2-1/2

[Event "Sodingen 2- Altenessen"]
[Site "?"]
[Date "2023.04.30"]
[Round "8.6"]
[White "Zygan, Michael"]
[Black "Drawe, Thomas"]
[Result "1-0"]
[WhiteElo "1760"]
[BlackElo "2069"]
[PlyCount "43"]
[SourceDate "2022.10.02"]

1. d4 e6 2. c4 d5 3. Nc3 Nf6 4. cxd5 exd5 5. Bg5 Be7 6. e3 O-O 7. Bd3 c6 8. Qc2
h6 9. Bh4 Nbd7 10. Nge2 Re8 11. O-O Ne4 12. Bxe7 Qxe7 13. Rae1 Ndf6 14. f3 Nd6
15. Ng3 Qd8 16. h3 Qb6 17. Qf2 Be6 18. e4 dxe4 19. fxe4 Nc4 20. b3 Qb4 21. Bxc4
Bxc4 22. bxc4 1-0

[Event "Sodingen 2- Altenessen"]
[Site "?"]
[Date "2023.04.30"]
[Round "8.7"]
[White "Praßer, Peter"]
[Black "Baumeister, Christoph"]
[Result "1/2-1/2"]
[WhiteElo "1664"]
[BlackElo "1933"]
[PlyCount "82"]
[SourceDate "2022.10.02"]

1. d4 Nf6 2. Nf3 d6 3. c4 g6 4. g3 Bg7 5. Bg2 O-O 6. O-O Nbd7 7. Nc3 c6 8. e4
Qc7 9. Qe2 e5 10. d5 a5 11. h3 Nc5 12. b3 Nh5 13. Ba3 Na6 14. Rad1 c5 15. Bc1
Qe7 16. Na4 Bd7 17. Nb6 Rae8 18. Kh2 Qd8 19. Nxd7 Qxd7 20. h4 Re7 21. Bh3 Qe8
22. Bg5 f6 23. Be3 Nc7 24. Bxc5 dxc5 25. d6 Ref7 26. dxc7 Rxc7 27. Rd5 Bh6 28.
Rfd1 Ng7 29. Rd6 Re7 30. Qd3 Kh8 31. Qd5 Rc7 32. Rd8 Qf7 33. Rxf8+ Qxf8 34. Qd8
Rf7 35. Rd7 Kg8 36. Qxf8+ Kxf8 37. Rd8+ Ke7 38. Rd7+ Ke8 39. Rxf7 Kxf7 40. g4
Bf4+ 41. Kg2 Ne6 1/2-1/2